00470nam a2200181 a 4500001001300000003000900013005001700022008004100039020002200080082001700102100001700119245003500136260003800171300000800209500003500217650001900252700001700271nice12345678IN_TiNIC20260116014810.0111021s2011 newa grp 000 0 eng  a9788189524616c3000a320.954bSUB aSubbarao B,  aRegions & Regionalism in India aNew Delhi bCritical Quest c2011 a39p aincludes index and biblioraphy aPolitics-India1 aSubbarao B,